Normal view
MARC view
- Varshney, R.S
Entry Personal Name
001 - CONTROL NUMBER
- control field: 6410
003 - CONTROL NUMBER IDENTIFIER
- control field: OSt
005 - DATE AND TIME OF LATEST TRANSACTION
- control field: 20241111142404.0
008 - FIXED-LENGTH DATA ELEMENTS
- fixed length control field: 241111|| aca||aabn | a|a d
040 ## - CATALOGING SOURCE
- Original cataloging agency: OSt
- Transcribing agency: OSt
100 ## - HEADING--PERSONAL NAME
- Personal name: Varshney, R.S
670 ## - SOURCE DATA FOUND
- Source citation: Work cat.: (OSt)9330: Varshney, R.S., Theory and design of irrigation structures: channels and tube wells, Vol.I / , 1992.
